| 000 | 00594nam a22001577a 4500 | ||
|---|---|---|---|
| 999 |
_c534227 _d534227 |
||
| 020 | _qHard Cover. | ||
| 082 | _a620.44 | ||
| 100 | _aMuhammad Bilal Khan | ||
| 245 |
_aSynthesis, Characterization and Investigation of Mechanical and Electrical Properties of Nano-Composite of MoS2 and Polystyrene(PS) / _cMuhammad Bilal Khan. |
||
| 260 |
_aIslamabad: _bSCME - NUST, _c2015. |
||
| 300 |
_a58 p. : _bill. ; _c30cm. |
||
| 942 |
_2ddc _cTHE |
||
| 650 |
_aMaterials and Surface Engineering MS-Thesis. _916159 |
||
| 700 |
_aAr. Amir Habib _928384 |
||